000 00989nam a2200229 a 4500
001 BRCA_4106
005 20190320204540.0
008 230310s2008----mx-a######---#000-0#spa-#
020 _a9786072001794
041 _aspa
044 _amx
050 4 _aTP919
_b.A77 2008
100 1 _aArroyo Ortiz, Leticia
_d1938-
_910627
245 1 0 _aTintes naturales mexicanos
_bsu aplicación en algodón, henequén y lana
_ctextos e ilustraciones Leticia Arroyo Ortiz.
260 _aMéxico
_bUNAM, Escuela Nacional de Artes Plásticas
_c2008
300 _a183 p.
_bil. (algunas a color)
_c28 cm.
500 _aIncluye índice de ilustraciones de Leticia Arroyo, índice de ilustraciones de códices y otros textos, relación de nombres científicos que aparecen en la obra, compendio ilustrado de términos botánicos, glosario y bitácora de los viajes
504 _aBibliografía: p. 181-183
650 1 4 _aTintes y teñido
_zMéxico
_910628
650 1 4 _aPlantas tintoreas
_910629
942 _2lcc
_cB
999 _c3824
_d3824